00473nam a22001697a 450000500170000001000150001702000260003203500140005803700090007208200090008110000240009024500590011425000060017326000340017927000700021330000200028320260603153528.0 aENG-148720 a9789392210785c250.00 aEN-132252 bDBAD aS21 aDoyle, Arthur Conan aThe Adventures of Sherlock Holmes/cArthur Conan Doyle a1 aChandigarhbThe Browserc2024 bChandigarhaSCO 14-15, Sector 8-Ce160009mservice@thebrowser.org a292p.c21cm(Pb)